Flags of Insular Countries - Statistics

General Stats
  • This quiz has been taken 13 times
  • The average score is 44 of 47
Answer Stats
Picture Answer % Correct
Antigua and Barbuda
100%
Bahamas
100%
Barbados
100%
Brunei
100%
Cuba
100%
Dominica
100%
Dominican Republic
100%
Haiti
100%
Jamaica
100%
Japan
100%
Kiribati
100%
Madagascar
100%
Malta
100%
Micronesia
100%
Palau
100%
Saint Lucia
100%
São Tomé and Príncipe
100%
Seychelles
100%
Singapore
100%
Sri Lanka
100%
Tonga
100%
United Kingdom
100%
Cyprus
91%
Fiji
91%
Grenada
91%
Iceland
91%
Ireland
91%
Mauritius
91%
New Zealand
91%
Philippines
91%
Saint Kitts and Nevis
91%
Saint Vincent and Grenadine
91%
Samoa
91%
Taiwan
91%
Trinidad and Tobago
91%
Vanuatu
91%
Bahrain
82%
Cape Verde
82%
East Timor
82%
Indonesia
82%
Maldives
82%
Marshall Islands
82%
Nauru
82%
Papua new guinea
82%
Solomon Islands
82%
Tuvalu
82%
Comoros
73%
No matching quizzes found
Score Distribution
Percent of People with Each Score
Percentile by Number Answered
Your Score History
You have not taken this quiz